000 00323nam a22001337a 4500
020 _a81-87414-00-6
082 _a657
_bVIJ/A
100 _aDr.VIKAS VIJAY
245 _aACCOUNTANCY THEORY BOOKLET
_bCLASS XII
260 _aDELHI
_bRACHNA SAGARPVT LTD
300 _a76
650 _aACCOUNTANCY FOR CLASS XII
_zINDIA
942 _cBK
999 _c632
_d632